<?xml version="1.0" encoding="UTF-8"?><?xml-stylesheet type="text/xsl" href="static/style.xsl"?><OAI-PMH xmlns="http://www.openarchives.org/OAI/2.0/" xmlns:xsi="http://www.w3.org/2001/XMLSchema-instance" xsi:schemaLocation="http://www.openarchives.org/OAI/2.0/ http://www.openarchives.org/OAI/2.0/OAI-PMH.xsd"><responseDate>2026-04-27T20:18:25Z</responseDate><request verb="GetRecord" identifier="oai:uvadoc.uva.es:10324/7310" metadataPrefix="marc">https://uvadoc.uva.es/oai/request</request><GetRecord><record><header><identifier>oai:uvadoc.uva.es:10324/7310</identifier><datestamp>2021-06-29T10:14:24Z</datestamp><setSpec>com_10324_38</setSpec><setSpec>col_10324_852</setSpec></header><metadata><record xmlns="http://www.loc.gov/MARC21/slim" xmlns:doc="http://www.lyncode.com/xoai" xmlns:xsi="http://www.w3.org/2001/XMLSchema-instance" xmlns:dcterms="http://purl.org/dc/terms/" xsi:schemaLocation="http://www.loc.gov/MARC21/slim http://www.loc.gov/standards/marcxml/schema/MARC21slim.xsd">
<leader>00925njm 22002777a 4500</leader>
<datafield tag="042" ind1=" " ind2=" ">
<subfield code="a">dc</subfield>
</datafield>
<datafield tag="720" ind1=" " ind2=" ">
<subfield code="a">Fernández Rodríguez, Alexia</subfield>
<subfield code="e">author</subfield>
</datafield>
<datafield tag="260" ind1=" " ind2=" ">
<subfield code="c">2014</subfield>
</datafield>
<datafield tag="520" ind1=" " ind2=" ">
<subfield code="a">Este trabajo, basado en la inteligencia emocional, parte de la hipótesis de que la expresión corporal y la voz pueden utilizarse como herramienta para que el propio alumnado aprenda a gestionar sus emociones.&#xd;
Para la comprobación del caso, llevo a cabo una investigación-acción en el aula. Expongo el trabajo de la canción, en el que los niños deben de salir a expresar con su voz y su cuerpo ante la mirada de sus compañeros, una canción en la que muestran sus emociones. Verificaré que esto ayuda a los individuos a superar sus miedos, bloqueos, problemas de autoestima, etc.&#xd;
Todo el estudio parte de una comparativa entre adultos y niños. Esto es debido a que la idea brota de la práctica con personas maduras en el centro de Plastilina de Valladolid. A partir de esto se lleva a cabo la experiencia en mi aula de prácticas del colegio Nuestra Señora de la Consolación, con alumnos entre los 4 y 5 años.</subfield>
</datafield>
<datafield tag="024" ind2=" " ind1="8">
<subfield code="a">http://uvadoc.uva.es/handle/10324/7310</subfield>
</datafield>
<datafield ind1=" " ind2=" " tag="653">
<subfield code="a">Educación psicomotriz</subfield>
</datafield>
<datafield ind1=" " ind2=" " tag="653">
<subfield code="a">Psicomotricidad en el niño</subfield>
</datafield>
<datafield ind1=" " ind2=" " tag="653">
<subfield code="a">Inteligencia emocional</subfield>
</datafield>
<datafield tag="245" ind1="0" ind2="0">
<subfield code="a">La expresión corporal y vocal como crecimiento de la inteligencia emocional en una relación entre la etapa de Educación Infantil y la madurez</subfield>
</datafield>
</record></metadata></record></GetRecord></OAI-PMH>